[Event "Krajsky prebor jednotlivcu KHSS"]
[Site "Janske Lazne"]
[Date "2015.05.06"]
[Round "3.26"]
[White "Palla, Rostislav"]
[Black "Neubauer, Vilem"]
[Result "1/2-1/2"]
[WhiteElo "1740"]
[BlackElo "1797"]
[PlyCount "110"]
[EventDate "2015.05.05"]

1. e4 g6 2. d4 Bg7 3. Nc3 d6 4. Be3 Nf6 5. Qd2 Ng4 6. Bg5 h6 7. Bh4 Nc6 8. h3
Nf6 9. f4 O-O 10. d5 Nb8 11. Nf3 c6 12. O-O-O cxd5 13. exd5 a6 14. g4 b5 15. a3
Qb6 16. Bf2 Qb7 17. g5 Nh5 18. gxh6 Bxh6 19. Be3 Nd7 20. f5 Bxe3 21. Qxe3 Ng3
22. Rg1 Nxf5 23. Qg5 Ne5 24. Nxe5 dxe5 25. Bd3 Ng7 26. Rdf1 Bd7 27. h4 Be8 28.
Qh6 f6 29. Bxg6 Bxg6 30. Qxg6 e6 31. dxe6 Rae8 32. h5 Kh8 33. Rxf6 Rxf6 34.
Qxf6 Rxe6 35. Qg5 Qe7 36. Ne4 Qxg5+ 37. Rxg5 Kh7 38. Nc5 Re7 39. Nxa6 Kh6 40.
Rg1 Kxh5 41. Nc5 e4 42. Nxe4 Ne6 43. Nc3 Rb7 44. a4 b4 45. Nb5 Nf4 46. Kd2 Rd7+
47. Ke3 Ne6 48. Ke4 Nc5+ 49. Kf5 Rd5+ 50. Kf4 Nxa4 51. Nc7 Rc5 52. Ne6 Rxc2 53.
b3 Nc3 54. Rh1+ Kg6 55. Nd4 Rd2 {dale nezrekonstruovatelne... remiza "kolem"
70. tahu} 1/2-1/2

[Event "Krajsky prebor jednotlivcu KHSS"]
[Site "Janske Lazne"]
[Date "2015.05.06"]
[Round "3.27"]
[White "Tsapanidis, Vasilis"]
[Black "Hatas, Radim"]
[Result "0-1"]
[WhiteElo "1795"]
[BlackElo "1642"]
[PlyCount "124"]
[EventDate "2015.05.05"]

1. c4 Nf6 2. Nc3 e6 3. d4 Bb4 4. Bg5 h6 5. Bd2 O-O 6. a3 Bxc3 7. Bxc3 b6 8. e3
Bb7 9. Nf3 d6 10. Be2 Nbd7 11. O-O Ne4 12. Rc1 Ndf6 13. b3 Qe7 14. Bb2 Rad8 15.
Nd2 c5 16. Nxe4 Bxe4 17. f3 Bh7 18. Bd3 Bxd3 19. Qxd3 d5 20. Qc3 dxc4 21. bxc4
Rd7 22. Rfd1 Rfd8 23. Rd2 cxd4 24. exd4 Nh5 25. Qe3 Qg5 26. Qxg5 hxg5 27. g3
Nf6 28. Re2 Kh7 29. Kf2 Kg6 30. Rec2 g4 31. Ke3 Kf5 32. Rf1 gxf3 33. Kxf3 Kg6
34. g4 Rh8 35. Kf4 Rc7 36. Rfc1 Rh3 37. Rg1 Nd5+ 38. cxd5 Rxc2 39. Bc1 exd5 40.
Ke5 Rhc3 41. Bf4 Rxa3 42. Kxd5 Rac3 43. Rb1 Rc8 44. Ra1 Rd8+ 45. Ke4 Re2+ 46.
Kd3 Re7 47. h4 a5 48. Rb1 Rb7 49. h5+ Kh7 50. Bd2 a4 51. Ra1 Ra8 52. Bb4 g6 53.
hxg6+ Kxg6 54. Bd2 a3 55. Ra2 Ra4 56. Bc1 Rd7 57. Be3 b5 58. Kc3 Rc7+ 59. Kb3
Rcc4 60. g5 Rxd4 61. Bxd4 Rxd4 62. Kxa3 Ra4+ 0-1

[Event "Krajsky prebor jednotlivcu KHSS"]
[Site "Janske Lazne"]
[Date "2015.05.07"]
[Round "4.1"]
[White "Kozusek, Daniel"]
[Black "Vojta, Tomas"]
[Result "1/2-1/2"]
[WhiteElo "2337"]
[BlackElo "2369"]
[PlyCount "20"]
[EventDate "2015.05.05"]
[WhiteClock "1:22:32"]
[BlackClock "1:06:03"]

1. e4 d5 2. exd5 Nf6 3. Nf3 Qxd5 4. Nc3 Qd6 5. d4 a6 6. g3 b5 7. Bg2 Bb7 8. O-O
e6 9. a4 b4 10. Ne2 Be7 1/2-1/2

[Event "Krajsky prebor jednotlivcu KHSS"]
[Site "Janske Lazne"]
[Date "2015.05.07"]
[Round "4.2"]
[White "Kowalczyk, Pawel"]
[Black "Valenta, Vit"]
[Result "1-0"]
[WhiteElo "2292"]
[BlackElo "2167"]
[PlyCount "75"]
[EventDate "2015.05.05"]
[WhiteClock "0:56:16"]
[BlackClock "0:14:06"]

1. e4 e5 2. Nc3 Nf6 3. g3 Nc6 4. Bg2 g6 5. Nge2 Bg7 6. O-O O-O 7. h3 Nh5 8. f4
d6 9. f5 Nf6 10. g4 Ne8 11. d3 Qh4 12. Be3 Bh6 13. Bf2 Qd8 14. Kh1 f6 15. d4
Kh8 16. d5 Ne7 17. Qd3 a5 18. Nb5 b6 19. c4 Ng8 20. b3 Bd7 21. Nec3 Bf4 22. a3
Ng7 23. b4 g5 24. Bf3 Be8 25. Kg2 Ne7 26. Rfb1 Nc8 27. h4 Rg8 28. hxg5 Bxg5 29.
Rh1 Rf8 30. Be2 axb4 31. axb4 Rxa1 32. Rxa1 Kg8 33. Ra8 Bd7 34. Qd1 Kf7 35. Qa1
Rg8 36. c5 bxc5 37. bxc5 dxc5 38. Bc4 1-0

[Event "Krajsky prebor jednotlivcu KHSS"]
[Site "Janske Lazne"]
[Date "2015.05.07"]
[Round "4.3"]
[White "Moravec, Vit"]
[Black "Karlik, Vladimir"]
[Result "1/2-1/2"]
[WhiteElo "2222"]
[BlackElo "2312"]
[PlyCount "40"]
[EventDate "2015.05.05"]
[WhiteClock "0:29:55"]
[BlackClock "0:35:47"]

1. e4 g6 2. d4 Bg7 3. Nc3 c6 4. Nf3 d6 5. Bc4 Nf6 6. Bb3 O-O 7. O-O Qc7 8. a4
Nbd7 9. Re1 e5 10. Bg5 h6 11. Bh4 Re8 12. dxe5 dxe5 13. Qd2 Nh5 14. Rad1 Nf4
15. Bc4 Nb6 16. Bd8 Qb8 17. Bxb6 axb6 18. Qe3 Qc7 19. b3 Bf8 20. Ne2 Ne6
1/2-1/2

[Event "Krajsky prebor jednotlivcu KHSS"]
[Site "Janske Lazne"]
[Date "2015.05.07"]
[Round "4.4"]
[White "Pychova, Nela"]
[Black "Tazlar, Petr"]
[Result "1/2-1/2"]
[WhiteElo "1980"]
[BlackElo "2229"]
[PlyCount "142"]
[EventDate "2015.05.05"]
[WhiteClock "0:00:33"]
[BlackClock "0:13:04"]

1. c4 e5 2. Nc3 Nc6 3. g3 g6 4. Bg2 Bg7 5. d3 Nge7 6. e3 d6 7. Nge2 O-O 8. O-O
Be6 9. Nd5 f5 10. Rb1 Qd7 11. b4 Nd8 12. Nxe7+ Qxe7 13. b5 Qd7 14. a4 c6 15.
bxc6 bxc6 16. Ba3 Re8 17. Qc2 Rc8 18. Rfc1 Bf7 19. a5 Ne6 20. a6 Rc7 21. Bb4
Ra8 22. Qa4 Bf6 23. Rc2 Rb8 24. Rcc1 Rcc8 25. Ba3 Be8 26. Nc3 Bd8 27. Rb7 Rxb7
28. axb7 Rb8 29. Qxa7 Rxb7 30. Qa4 Be7 31. Rb1 Rxb1+ 32. Nxb1 Qb7 33. Qb4 Qa7
34. Qd2 Kf7 35. h3 Qa4 36. Bf3 Qb3 37. Qd1 Qb6 38. Nc3 Qa5 39. Qc1 Bd7 40. Kh2
g5 41. Qb2 Qa7 42. Bb4 Qb8 43. Ba3 Qxb2 44. Bxb2 Nc5 45. Be2 Be6 46. d4 Nb3 47.
d5 Bd7 48. g4 c5 49. gxf5 Bxf5 50. e4 Bd7 51. Bh5+ Kf6 52. Nb1 Na5 53. Nd2 Ba4
54. Bc3 Bd8 55. Be2 Nb7 56. Nf3 Bc2 57. Nd2 Kg6 58. Kg3 Ba5 59. Bxa5 Nxa5 60.
Kg2 Nb3 61. Nxb3 Bxb3 62. Kf3 h5 63. Ke3 Ba4 64. Kf3 Bb3 65. Kg3 Ba4 66. h4 Bc2
67. f3 Bb1 68. Bf1 Ba2 69. Bd3 Bb3 70. Be2 Bc2 71. Kh3 Ba4 1/2-1/2

[Event "Krajsky prebor jednotlivcu KHSS"]
[Site "Janske Lazne"]
[Date "2015.05.07"]
[Round "4.5"]
[White "Matejovsky, Ondrej"]
[Black "Soural, Jan"]
[Result "1/2-1/2"]
[WhiteElo "1975"]
[BlackElo "2211"]
[PlyCount "113"]
[EventDate "2015.05.05"]
[WhiteClock "0:00:50"]
[BlackClock "0:02:44"]

1. e4 c5 2. Nf3 e6 3. b3 a6 4. Bb2 Nc6 5. e5 d6 6. exd6 Qxd6 7. a4 Nf6 8. Na3
Be7 9. Nc4 Qc7 10. Bd3 b6 11. Nce5 Bb7 12. Qe2 Nb4 13. Ng5 Nxd3+ 14. Qxd3 Rf8
15. f3 Qd6 16. Qxd6 Bxd6 17. Nc4 Bc7 18. Bxf6 gxf6 19. Nxh7 Rh8 20. Nxf6+ Ke7
21. Ng4 f5 22. Nf2 Rag8 23. Ne3 Bxh2 24. O-O-O b5 25. axb5 axb5 26. Nd3 c4 27.
Nc5 Bd5 28. Rde1 Kd6 29. b4 Bg3 30. Rxh8 Rxh8 31. Re2 Be5 32. c3 Rh6 33. g4
Bxf3 34. Rf2 fxg4 35. Rf1 Rf6 36. Nxg4 Rf4 37. Nxe5 Kxe5 38. Re1+ Kd5 39. Nxe6
Rh4 40. Nd4 Be4 41. Nxb5 Bd3 42. Nd4 Rh8 43. Rg1 Rh5 44. Nc2 Kc6 45. Ne3 Kb5
46. Nc2 Kc6 47. Re1 Kd5 48. Nd4 Rh8 49. Rg1 Rh5 50. Nf3 Rh8 51. Ne1 Be4 52.
Rg5+ Kd6 53. Nc2 Rh1+ 54. Kb2 Rh2 55. Kc1 Rh1+ 56. Kb2 Rh2 57. Kc1 1/2-1/2

[Event "Krajsky prebor jednotlivcu KHSS"]
[Site "Janske Lazne"]
[Date "2015.05.07"]
[Round "4.6"]
[White "Jedlicka, Lubos"]
[Black "Rojikova, Lenka"]
[Result "1/2-1/2"]
[WhiteElo "2210"]
[BlackElo "1969"]
[PlyCount "50"]
[EventDate "2015.05.05"]
[WhiteClock "0:09:26"]
[BlackClock "0:25:20"]

1. c4 c5 2. g3 g6 3. Bg2 Bg7 4. Nc3 d6 5. Nf3 Nc6 6. O-O e5 7. a3 a5 8. Rb1
Nge7 9. Ne1 O-O 10. Nc2 Be6 11. Ne3 Rb8 12. d3 f5 13. Ned5 h6 14. Bd2 Kh7 15.
b4 axb4 16. axb4 cxb4 17. Nb5 Nd4 18. Nxe7 Qxe7 19. Rxb4 Rfd8 20. Nc3 Qf7 21.
Qb1 e4 22. dxe4 Bxc4 23. exf5 Nxf5 24. Re1 d5 25. Nb5 Bf8 1/2-1/2

[Event "Krajsky prebor jednotlivcu KHSS"]
[Site "Janske Lazne"]
[Date "2015.05.07"]
[Round "4.7"]
[White "Malinovsky, Petr"]
[Black "Smajzr, Martin"]
[Result "1-0"]
[WhiteElo "1969"]
[BlackElo "2204"]
[PlyCount "49"]
[EventDate "2015.05.05"]
[WhiteClock "0:41:02"]
[BlackClock "0:53:26"]

1. d4 Nf6 2. c4 c5 3. d5 e6 4. Nc3 exd5 5. cxd5 d6 6. Nf3 g6 7. Bf4 Bg7 8. Qa4+
Bd7 9. Qb3 Qc7 10. e4 O-O 11. Nd2 Nh5 12. Be3 f5 13. exf5 gxf5 14. Be2 Be8 15.
O-O f4 16. Bxc5 Qxc5 17. Qxb7 Nd7 18. Qxa8 Qb4 19. Qxa7 Ne5 20. Nce4 f3 21. a3
Qxb2 22. Rfb1 Qc2 23. Rc1 Qb2 24. Rab1 Qa2 25. Bd1 1-0

[Event "Krajsky prebor jednotlivcu KHSS"]
[Site "Janske Lazne"]
[Date "2015.05.07"]
[Round "4.8"]
[White "Kotyza, Bohumil"]
[Black "Cap, Adam"]
[Result "0-1"]
[WhiteElo "1872"]
[BlackElo "2195"]
[PlyCount "86"]
[EventDate "2015.05.05"]
[WhiteClock "1:08:46"]
[BlackClock "0:16:43"]

1. d4 Nf6 2. Nf3 g6 3. Bf4 Bg7 4. e3 O-O 5. Nbd2 d6 6. Bd3 Nbd7 7. O-O Re8 8.
Ne4 e5 9. dxe5 dxe5 10. Bg5 h6 11. Bh4 g5 12. Bg3 Nxe4 13. Bxe4 Nf6 14. Nd2
Nxe4 15. Nxe4 f5 16. Qf3 fxe4 17. Qxe4 c6 18. Rfd1 Qf6 19. Qb4 Bf8 20. Qc3 Bf5
21. Rd2 Qe7 22. a3 Bg7 23. Rad1 Rad8 24. Qc4+ Kh8 25. e4 Be6 26. Qc3 Rxd2 27.
Rxd2 Rd8 28. Bxe5 Rxd2 29. Bxg7+ Qxg7 30. Qxd2 Qxb2 31. h4 Qa1+ 32. Kh2 Qe5+
33. Kg1 Kg7 34. hxg5 hxg5 35. Qb4 Bc8 36. Qc4 Kf8 37. a4 Ke7 38. Qg8 Kd7 39.
Qg6 Kc7 40. Qf7+ Bd7 41. Qc4 a5 42. c3 Be6 43. Qd3 Bb3 0-1

[Event "Krajsky prebor jednotlivcu KHSS"]
[Site "Janske Lazne"]
[Date "2015.05.07"]
[Round "4.9"]
[White "Steiner, Pavel"]
[Black "Kaderabek, Jiri"]
[Result "0-1"]
[WhiteElo "1845"]
[BlackElo "2171"]
[PlyCount "110"]
[EventDate "2015.05.05"]

1. d4 Nf6 2. Nf3 c5 3. c3 e6 4. Bg5 Be7 5. Nbd2 cxd4 6. cxd4 Nc6 7. e4 Qb6 8.
e5 Nd5 9. Bxe7 Kxe7 10. Nc4 Qb4+ 11. Qd2 f6 12. a3 Qxd2+ 13. Kxd2 Nd8 14. Rg1
b6 15. Bd3 Nf7 16. Ne3 Nxe3 17. Kxe3 Bb7 18. Be4 Bxe4 19. Kxe4 Rac8 20. Rac1
f5+ 21. Kd3 g5 22. Nd2 h5 23. f3 d6 24. exd6+ Nxd6 25. Rc3 Nb5 26. Rxc8 Rxc8
27. a4 Nd6 28. Re1 Kf6 29. Re5 h4 30. Re2 Rc1 31. h3 Ne8 32. Nc4 Nc7 33. Ne5
Nd5 34. Rf2 Ke7 35. Kd2 Rc7 36. Nd3 Rc4 37. b3 Rxd4 38. Ke2 Nb4 39. Nb2 Nd5 40.
Nd3 Nf4+ 41. Nxf4 gxf4 42. Ke1 e5 43. Rc2 Kd7 44. Ke2 e4 45. fxe4 fxe4 46. Kf2
a6 47. Rb2 Rb4 48. Rd2+ Ke6 49. Rd8 Rxb3 50. Re8+ Kd5 51. Rd8+ Ke5 52. Re8+ Kd4
53. Rd8+ Kc3 54. Rf8 Kd2 55. Rd8+ Rd3 0-1

[Event "Krajsky prebor jednotlivcu KHSS"]
[Site "Janske Lazne"]
[Date "2015.05.07"]
[Round "4.10"]
[White "Ruzickova, Radka"]
[Black "Haman, Jakub"]
[Result "0-1"]
[WhiteElo "1777"]
[BlackElo "2137"]
[PlyCount "84"]
[EventDate "2015.05.05"]

1. e4 c5 2. Nc3 Nc6 3. g3 g6 4. Bg2 Rb8 5. a4 Bg7 6. d3 a6 7. f4 d6 8. h3 e6 9.
Nf3 Nge7 10. O-O d5 11. e5 b5 12. axb5 axb5 13. b3 Bd7 14. Ne2 O-O 15. Kh2 Qc7
16. Bd2 f6 17. exf6 Bxf6 18. c3 b4 19. d4 bxc3 20. Bxc3 Nf5 21. Qd2 Nd6 22. Ne5
cxd4 23. Nxd7 Qxd7 24. Nxd4 Nxd4 25. Bxd4 Bxd4 26. Qxd4 Nf5 27. Qd3 Qb5 28.
Qxb5 Rxb5 29. Rfe1 Ng7 30. Re3 Rfb8 31. Ra3 Kf7 32. Bf1 Rb4 33. Rc3 Kf6 34. Be2
Nf5 35. Bd3 Nd4 36. Rc7 R4b7 37. Ra7 Rxa7 38. Rxa7 Rxb3 39. g4 Rxd3 40. g5+ Kf5
41. Rf7+ Ke4 42. Rxh7 Kxf4 0-1

[Event "Krajsky prebor jednotlivcu KHSS"]
[Site "Janske Lazne"]
[Date "2015.05.07"]
[Round "4.11"]
[White "Juricek, Stanislav"]
[Black "Vit, Jakub"]
[Result "1-0"]
[WhiteElo "2097"]
[BlackElo "1720"]
[PlyCount "57"]
[EventDate "2015.05.05"]

1. e4 c5 2. Nf3 d6 3. d4 cxd4 4. Qxd4 Nc6 5. Bb5 Bd7 6. Bxc6 Bxc6 7. Nc3 Nf6 8.
Bg5 e6 9. O-O-O Be7 10. Rhe1 h6 11. Bh4 Qc7 12. Qd2 Rd8 13. Nd4 a6 14. f3 O-O
15. Bf2 b5 16. g4 b4 17. Nxc6 Qxc6 18. Ne2 a5 19. Nd4 Qa4 20. Kb1 Rb8 21. h4
Nh7 22. g5 hxg5 23. Rg1 Rfc8 24. hxg5 Nf8 25. Be3 Qd7 26. Qh2 e5 27. Nf5 Ng6
28. Rh1 Kf8 29. Qh8+ 1-0

[Event "Krajsky prebor jednotlivcu KHSS"]
[Site "Janske Lazne"]
[Date "2015.05.07"]
[Round "4.12"]
[White "Sadil, Jan"]
[Black "Framberk, Jan"]
[Result "1/2-1/2"]
[WhiteElo "1705"]
[BlackElo "2050"]
[PlyCount "94"]
[EventDate "2015.05.05"]

1. d4 Nf6 2. Nf3 c5 3. c3 cxd4 4. cxd4 g6 5. g3 Bg7 6. Bg2 O-O 7. O-O Qb6 8. b3
d5 9. Bb2 Nc6 10. Nc3 e6 11. e3 Bd7 12. Qe2 Nb4 13. a3 Na6 14. b4 Rac8 15. Ne5
Be8 16. Rfc1 Nb8 17. Bf1 Qd8 18. Rc2 Nc6 19. Nd3 b6 20. Rac1 Bd7 21. Nb5 Qe7
22. Ne5 Nxe5 23. dxe5 Ne4 24. f3 Bxb5 25. Qxb5 Rxc2 26. Rxc2 Ng5 27. Kf2 h5 28.
h4 Nh7 29. Qc6 f6 30. Qc7 Rf7 31. Qxe7 Rxe7 32. Bd3 Kf7 33. exf6 Bxf6 34. Bxf6
Nxf6 35. Rc6 Ne8 36. g4 Rc7 37. Rxc7+ Nxc7 38. gxh5 gxh5 39. f4 Kf6 40. Kf3 Ne8
41. e4 dxe4+ 42. Bxe4 Nd6 43. a4 a5 44. bxa5 bxa5 45. Ke3 Nf5+ 46. Bxf5 Kxf5
47. Kf3 e5 1/2-1/2

[Event "Krajsky prebor jednotlivcu KHSS"]
[Site "Janske Lazne"]
[Date "2015.05.07"]
[Round "4.13"]
[White "Portych, Vaclav"]
[Black "Pycha, Patrik"]
[Result "1/2-1/2"]
[WhiteElo "1877"]
[BlackElo "2142"]
[PlyCount "47"]
[EventDate "2015.05.05"]

1. c4 e6 2. Nf3 Nf6 3. g3 b6 4. Bg2 Bb7 5. Nc3 Be7 6. d4 O-O 7. O-O Ne4 8. Nxe4
Bxe4 9. b3 f5 10. Bb2 Bf6 11. Rc1 d6 12. e3 Nd7 13. Ne1 Bxg2 14. Nxg2 Qe8 15.
Ba3 Be7 16. Qf3 Qf7 17. Qc6 Nf6 18. c5 dxc5 19. dxc5 Ng4 20. Nf4 e5 21. Nd5
Bxc5 22. Bxc5 bxc5 23. h3 Nf6 24. Nxf6+ 1/2-1/2

[Event "Krajsky prebor jednotlivcu KHSS"]
[Site "Janske Lazne"]
[Date "2015.05.07"]
[Round "4.14"]
[White "Safarik, Jakub"]
[Black "Stanek, Petr"]
[Result "1/2-1/2"]
[WhiteElo "2138"]
[BlackElo "1902"]
[PlyCount "78"]
[EventDate "2015.05.05"]

1. d4 Nf6 2. Nf3 d5 3. c4 e6 4. Nc3 c6 5. Bg5 Nbd7 6. e3 Qa5 7. Be2 Bb4 8. Qc2
Ne4 9. O-O Bxc3 10. bxc3 Qxc3 11. Qb1 Nxg5 12. Nxg5 Nf6 13. a4 Qa5 14. e4 Qd2
15. e5 Qxg5 16. exf6 Qxf6 17. cxd5 exd5 18. Bd3 Qxd4 19. Re1+ Kf8 20. Bxh7 b6
21. h3 Bxh3 22. gxh3 g6 23. Qc1 Qf6 24. Qh6+ Qg7 25. Qf4 Rxh7 26. Qd6+ Kg8 27.
Qxc6 Rf8 28. Ra3 Rh5 29. Rae3 Rg5+ 30. Kh2 Rf5 31. Kg3 Qf6 32. Qxf6 Rxf6 33.
Re7 Rd6 34. Rxa7 d4 35. Rd1 d3 36. Rd2 Re8 37. Kf3 Re5 38. Rc7 Rc5 39. Re7 Rc4
1/2-1/2

[Event "Krajsky prebor jednotlivcu KHSS"]
[Site "Janske Lazne"]
[Date "2015.05.07"]
[Round "4.15"]
[White "Sedivy, Martin"]
[Black "Peniska, Pavel"]
[Result "0-1"]
[WhiteElo "2049"]
[BlackElo "1929"]
[PlyCount "80"]
[EventDate "2015.05.05"]

1. e4 c5 2. b3 Nf6 3. e5 Nd5 4. c4 Nc7 5. Bb2 Nc6 6. Nf3 Ne6 7. Nc3 g6 8. Nd5
Bg7 9. Qb1 O-O 10. Be2 d6 11. exd6 Qxd6 12. Bxg7 Kxg7 13. Qe4 Re8 14. O-O Ned4
15. Nxd4 Nxd4 16. Bf3 Bf5 17. Qe3 e5 18. Be4 Bxe4 19. Qxe4 f5 20. Qh4 Re6 21.
Rae1 f4 22. f3 b5 23. d3 b4 24. g4 h6 25. Re4 a5 26. g5 hxg5 27. Qg4 a4 28. Rf2
axb3 29. axb3 Ra1+ 30. Kg2 Nxb3 31. h4 Nd4 32. hxg5 b3 33. Qh4 Nf5 34. Qh2 Ra2
35. Nf6 Rxf6 36. gxf6+ Qxf6 37. Kg1 Qg5+ 38. Qg2 Qxg2+ 39. Rxg2 Rxg2+ 40. Kxg2
Ne3+ 0-1

[Event "Krajsky prebor jednotlivcu KHSS"]
[Site "Janske Lazne"]
[Date "2015.05.07"]
[Round "4.16"]
[White "Tichy, Miroslav"]
[Black "Sobotnik, Petr"]
[Result "1/2-1/2"]
[WhiteElo "1957"]
[BlackElo "2020"]
[PlyCount "74"]
[EventDate "2015.05.05"]

1. c4 e5 2. Nc3 Nc6 3. g3 Bb4 4. Bg2 Nf6 5. Nf3 d6 6. Nd5 a5 7. Nxb4 axb4 8. d3
O-O 9. O-O Nd4 10. Nxd4 exd4 11. e3 dxe3 12. fxe3 c6 13. Bd2 c5 14. h3 Rb8 15.
e4 h6 16. Bf4 Nh7 17. e5 g5 18. Be3 Qc7 19. d4 dxe5 20. dxc5 Be6 21. b3 f5 22.
Qh5 f4 23. gxf4 gxf4 24. Bf2 Qg7 25. Kh2 Rbd8 26. Bd5 Bf7 27. Bxf7+ Qxf7 28.
Qxh6 Rd2 29. Kh1 Kh8 30. Rad1 Rfd8 31. Rxd2 Rxd2 32. Be1 Re2 33. Bxb4 Qf5 34.
Kg1 Qe4 35. Rf2 Qb1+ 36. Kg2 Qe4+ 37. Kg1 Qb1+ 1/2-1/2

[Event "Krajsky prebor jednotlivcu KHSS"]
[Site "Janske Lazne"]
[Date "2015.05.07"]
[Round "4.17"]
[White "Kabelka, Ondrej"]
[Black "Stradej, Vlastimil"]
[Result "1/2-1/2"]
[WhiteElo "1737"]
[BlackElo "2013"]
[PlyCount "31"]
[EventDate "2015.05.05"]

1. c4 c6 2. e4 d6 3. d4 g6 4. Nc3 Bg7 5. Be2 Qb6 6. Nf3 Bg4 7. Na4 Qc7 8. O-O
Nd7 9. Be3 Ngf6 10. Nc3 O-O 11. Qd2 e5 12. h3 Bxf3 13. Bxf3 Rfe8 14. d5 c5 15.
Be2 a6 16. b3 1/2-1/2

[Event "Krajsky prebor jednotlivcu KHSS"]
[Site "Janske Lazne"]
[Date "2015.05.07"]
[Round "4.18"]
[White "Hatas, Radim"]
[Black "Vystrcil, Martin"]
[Result "0-1"]
[WhiteElo "1642"]
[BlackElo "1999"]
[PlyCount "66"]
[EventDate "2015.05.05"]

1. e4 Nf6 2. e5 Nd5 3. c4 Nb6 4. d4 d6 5. f4 dxe5 6. fxe5 Nc6 7. Be3 Bf5 8. Nf3
e6 9. h3 Be7 10. Nc3 Bh4+ 11. Nxh4 Qxh4+ 12. Bf2 Qe7 13. Bd3 Bg6 14. O-O Rd8
15. Bxg6 hxg6 16. c5 Nd5 17. a3 Nf4 18. Qf3 g5 19. Rad1 Ng6 20. Ne4 Nh4 21.
Bxh4 gxh4 22. Qg4 g6 23. Nf6+ Kf8 24. Rf4 Kg7 25. Rdf1 Rxd4 26. Rxd4 Qxc5 27.
Rfd1 Rd8 28. Ne4 Qb6 29. Qxh4 Rxd4 30. Qf6+ Kg8 31. Rf1 Rxe4+ 32. Kh1 Nxe5 33.
g4 Qd6 0-1

[Event "Krajsky prebor jednotlivcu KHSS"]
[Site "Janske Lazne"]
[Date "2015.05.07"]
[Round "4.19"]
[White "Tovarek, Antonin"]
[Black "Solc, Filip"]
[Result "1-0"]
[WhiteElo "1963"]
[BlackElo "1816"]
[PlyCount "139"]
[EventDate "2015.05.05"]

1. e4 c5 2. Nf3 Nc6 3. d4 cxd4 4. Nxd4 Nf6 5. Nc3 e5 6. Ndb5 d6 7. Bg5 a6 8.
Na3 b5 9. Nd5 Be7 10. Nxe7 Qxe7 11. c4 b4 12. Nc2 O-O 13. Bd3 Be6 14. O-O h6
15. Bd2 a5 16. Ne3 Qd8 17. Nd5 Bxd5 18. cxd5 Ne7 19. a3 bxa3 20. Rxa3 Nd7 21.
Qg4 Kh8 22. Qh3 Nc5 23. Bc2 Kh7 24. Qh5 Ng6 25. Rfa1 Nb7 26. b4 Rc8 27. Bd1
axb4 28. Rh3 Nf4 29. Bxf4 exf4 30. Qf5+ Kg8 31. Qxf4 Qg5 32. Qxg5 hxg5 33. Rb3
Rc4 34. Rab1 Rxe4 35. Bf3 Re5 36. Rxb4 Rfe8 37. h3 Nc5 38. Rb6 Rd8 39. Rc6 f5
40. Ra1 g4 41. hxg4 fxg4 42. Bxg4 Rxd5 43. Bf3 Rg5 44. Rd1 Nb7 45. Rc7 Na5 46.
Bd5+ Kh8 47. Ra7 Rxd5 48. Rxd5 Nc4 49. Rg5 g6 50. Rxg6 d5 51. Ra4 Kh7 52. Rg3
Rd6 53. Ra7+ Kh6 54. Ra8 Kh7 55. Ra4 Kh6 56. Rb4 Kh7 57. Rd3 Ne5 58. Rh4+ Kg7
59. Rg3+ Ng6 60. Rhg4 Kf7 61. Rxg6 Rxg6 62. Rxg6 Kxg6 63. Kf1 Kf5 64. Ke2 Ke4
65. Kd2 Kd4 66. f4 Ke4 67. g3 d4 68. Ke2 d3+ 69. Kd2 Kd4 70. g4 1-0

[Event "Krajsky prebor jednotlivcu KHSS"]
[Site "Janske Lazne"]
[Date "2015.05.07"]
[Round "4.20"]
[White "Chalupecky, Vladimir"]
[Black "Cerny, David"]
[Result "0-1"]
[WhiteElo "1962"]
[BlackElo "1787"]
[PlyCount "60"]
[EventDate "2015.05.05"]

1. e4 c5 2. Nf3 d6 3. d4 cxd4 4. Nxd4 Nf6 5. Nc3 g6 6. Be2 Bg7 7. Be3 Nc6 8. h4
h5 9. Qd2 O-O 10. O-O-O Bd7 11. f3 Rc8 12. Rdg1 Ne5 13. g4 Nc4 14. Bxc4 Rxc4
15. b3 Rc8 16. Nd5 Rc5 17. Nxf6+ Bxf6 18. b4 Rc4 19. gxh5 Qb6 20. Nb3 Qa6 21.
Na5 Rfc8 22. Nxc4 Rxc4 23. hxg6 Qxa2 24. gxf7+ Kxf7 25. Kd1 Rxc2 26. Qd5+ Qxd5+
27. exd5 Ba4 28. Bd2 Bd4 29. Ke1 Ra2 30. Bc1 Bc3+ 0-1

[Event "Krajsky prebor jednotlivcu KHSS"]
[Site "Janske Lazne"]
[Date "2015.05.07"]
[Round "4.21"]
[White "Mladek, Richard"]
[Black "Tobiskova, Petra"]
[Result "1-0"]
[WhiteElo "1904"]
[BlackElo "1777"]
[PlyCount "63"]
[EventDate "2015.05.05"]

1. e4 e6 2. d4 d5 3. Nd2 Nf6 4. e5 Nfd7 5. Bd3 c5 6. c3 Nc6 7. Ngf3 Qb6 8. O-O
cxd4 9. cxd4 Be7 10. a3 f6 11. Re1 O-O 12. Qc2 f5 13. b4 Nxd4 14. Nxd4 Qxd4 15.
Nb3 Qg4 16. f4 Nb6 17. Be3 Bd7 18. Bxb6 Rac8 19. Bc5 b6 20. Ba6 Rc7 21. Qf2
bxc5 22. Nxc5 Bxc5 23. bxc5 Rb8 24. Rab1 Rxb1 25. Rxb1 Bc6 26. h3 Qh5 27. Rb8+
Kf7 28. Be2 Qh6 29. h4 d4 30. Qxd4 Qxh4 31. Qd6 Rd7 32. Rf8+ 1-0

[Event "Krajsky prebor jednotlivcu KHSS"]
[Site "Janske Lazne"]
[Date "2015.05.07"]
[Round "4.22"]
[White "Martinovsky, Miroslav"]
[Black "Vorisek, Jakub"]
[Result "1/2-1/2"]
[WhiteElo "1854"]
[BlackElo "1675"]
[PlyCount "50"]
[EventDate "2015.05.05"]

1. d4 d5 2. Nf3 Nc6 3. c4 Bg4 4. e3 e5 5. Be2 e4 6. Ne5 Nxe5 7. dxe5 Bxe2 8.
Qxe2 Qg5 9. cxd5 O-O-O 10. O-O Qxe5 11. Nc3 Nf6 12. Rd1 Nxd5 13. Nxd5 Rxd5 14.
Rxd5 Qxd5 15. b3 Bd6 16. Bb2 f6 17. Qg4+ f5 18. Qxg7 Rg8 19. Qxh7 f4 20. Qh3+
Kb8 21. Rf1 Qd2 22. Bd4 b6 23. Qe6 Rf8 24. Qxe4 Qxa2 25. Qd5 Qd2 1/2-1/2

[Event "Krajsky prebor jednotlivcu KHSS"]
[Site "Janske Lazne"]
[Date "2015.05.07"]
[Round "4.23"]
[White "Dumkova, Daniela"]
[Black "Havelka, Petr"]
[Result "1/2-1/2"]
[WhiteElo "1698"]
[BlackElo "1859"]
[PlyCount "32"]
[EventDate "2015.05.05"]

1. Nf3 d5 2. c4 e6 3. d4 Nf6 4. e3 Be7 5. Qc2 O-O 6. Bd3 Nbd7 7. O-O dxc4 8.
Bxc4 c5 9. Nc3 a6 10. b3 b5 11. Bd3 Bb7 12. Ne4 cxd4 13. Nxd4 Rc8 14. Qb1 h6
15. Bb2 Qb6 16. Nf3 Nxe4 1/2-1/2

[Event "Krajsky prebor jednotlivcu KHSS"]
[Site "Janske Lazne"]
[Date "2015.05.07"]
[Round "4.24"]
[White "Peroutka, Ivo"]
[Black "Palla, Rostislav"]
[Result "1/2-1/2"]
[WhiteElo "1877"]
[BlackElo "1740"]
[PlyCount "60"]
[EventDate "2015.05.05"]

1. d4 d5 2. c4 c6 3. e3 Nf6 4. Nc3 Bf5 5. Nf3 Nbd7 6. Qb3 Qb6 7. Qxb6 Nxb6 8.
c5 Nbd7 9. a3 e6 10. b4 Ne4 11. Bb2 Nxc3 12. Bxc3 Be7 13. Be2 O-O 14. O-O a6
15. Nd2 Bg6 16. f4 Nf6 17. Bf3 Ne4 18. Bxe4 Bxe4 19. g3 f5 20. Kf2 g5 21. fxg5
Bxg5 22. h4 Bd8 23. Ke2 Bc7 24. Rg1 h5 25. Nb3 Rf7 26. Nc1 Rg7 27. Kf2 Kf7 28.
a4 Rag8 29. Ne2 Bd3 30. Nf4 Bxf4 1/2-1/2

[Event "Krajsky prebor jednotlivcu KHSS"]
[Site "Janske Lazne"]
[Date "2015.05.07"]
[Round "4.25"]
[White "Neubauer, Vilem"]
[Black "Bulockin, Martin"]
[Result "1-0"]
[WhiteElo "1797"]
[BlackElo "1789"]
[PlyCount "103"]
[EventDate "2015.05.05"]

1. f4 d5 2. g3 Nf6 3. Nf3 e6 4. Bg2 Bc5 5. d3 Ng4 6. d4 Bb6 7. h3 Nf6 8. a4 c5
9. c3 Nc6 10. dxc5 Bxc5 11. b4 Bb6 12. a5 Bc7 13. O-O Ne4 14. Qe1 b6 15. a6 O-O
16. Nd4 Nxd4 17. cxd4 Bd7 18. Nd2 Nxd2 19. Bxd2 Bb5 20. f5 e5 21. f6 gxf6 22.
Qf2 Kg7 23. Qf5 Bd7 24. Qh5 Rg8 25. Bxd5 Kh8 26. Be4 f5 27. Bxa8 Qxa8 28. Qxf7
Rxg3+ 29. Kf2 Rg2+ 30. Ke1 Qd8 31. Rc1 Qh4+ 32. Kd1 Ba4+ 33. Rc2 Bxc2+ 34. Kxc2
Qe4+ 35. Kc1 Qc6+ 36. Kb2 Qd6 37. Qe8+ Rg8 38. Qxe5+ Qxe5 39. dxe5 Bxe5+ 40.
Bc3 Bxc3+ 41. Kxc3 Rg3+ 42. Kc4 Rxh3 43. Rxf5 Ra3 44. Kb5 Re3 45. Rf7 Re5+ 46.
Ka4 Rxe2 47. Rxa7 h5 48. Rd7 Re8 49. Rd5 Kg7 50. Rxh5 Kf7 51. Kb5 Ke7 52. Re5+
1-0